Vojevůdce : dvě legendární bitvy, jeden neohrožený válečník /

Pokračování úspěšného románu Brány Athén z období řecko-perských válek.

Hlavní autor: Iggulden, Conn, 1971-
Další autoři: Ryčovský, Ivan
Jazyk: Čeština
Vydáno: V Praze : Vyšehrad, 2025
Vydání: Vydání první
Témata:
Fyzický popis: 419 stran ; 22 cm
Knihy
Uloženo v:
LEADER 02606nam a2200553 i 4500
001 nkc20253681125
003 CZ PrNK
005 20250609090414.0
007 ta
008 250407s2025 xr g 000 f cze
015 |a cnb003681125 
020 |a 978-80-7662-815-1  |q (Kniha Zlin ;  |q vázáno) :  |c Kč 599,00 
035 |a (OCoLC)1523000369 
040 |a ABG001  |b cze  |d BOA001  |e rda 
041 1 |a cze  |h eng 
045 |a d5d5 
072 7 |a 821.111-3  |x Anglická próza, anglicky psaná  |2 Konspekt  |9 25 
080 |a 821.111-31  |2 MRF 
080 |a 94(38+35)"-0500/-0449"  |2 MRF 
080 |a (0:82-311.6)  |2 MRF 
100 1 |a Iggulden, Conn,  |d 1971-  |7 xx0015178  |4 aut 
240 1 0 |a Protector.  |l Česky 
245 1 0 |a Vojevůdce :  |b dvě legendární bitvy, jeden neohrožený válečník /  |c Conn Iggulden ; přeložil Ivan Ryčovský 
250 |a Vydání první 
264 1 |a V Praze :  |b Vyšehrad,  |c 2025 
300 |a 419 stran ;  |c 22 cm 
336 |a text  |b txt  |2 rdacontent 
337 |a bez média  |b n  |2 rdamedia 
338 |a svazek  |b nc  |2 rdacarrier 
500 |a Přeloženo z angličtiny 
500 |a ISBN patří nakladatelství "Kniha Zlin", které knihu původně mělo vydat, ale nevydalo 
500 |a Terminologický slovník 
520 2 |a Pokračování úspěšného románu Brány Athén z období řecko-perských válek.  |b Bitvami zocelený Themistoklés stojí v čele Athén, protože však není urozeného původu, mnozí mu nedůvěřují. Ale ani ti, kdo se staví proti němu, nemohou popřít dvě věci: jeho slavná vítězství a skutečnost, že se na Řeky valí obrovská armáda nepřátel. Themistoklés tak musí bojovat hned na několika frontách - s cizími hordami, se spojenci, kteří jím pohrdají, i za své dobré jméno. Peršané se blíží a on se musí znovu osvědčit. Dějiny totiž patří odvážným... Nakladatelská anotace. 
648 4 |a 500-449 př. Kr. 
650 0 7 |a řecko-perské války (500-449 př. Kr.)  |7 ph311283  |2 czenas 
650 0 9 |a Greco-Persian Wars (500-449 B.C.)  |2 eczenas 
655 7 |a anglické romány  |7 fd131814  |2 czenas 
655 7 |a historické romány  |7 fd132414  |2 czenas 
655 9 |a English fiction  |2 eczenas 
655 9 |a historical novels  |2 eczenas 
700 1 |a Ryčovský, Ivan  |7 ola2003204925  |4 trl 
787 0 8 |i Z cyklu:  |t Athéňané  |g 2 
910 2 |a BOA001  |b 2-1542.674 
920 |a 5092525  |z ABG001 
928 9 |a Albatros Media - Vyšehrad 
990 |a BK 
995 |a 01 
991 |b 202504  |c NOV 
996 6 |b 2611001244  |c 2-1542.674  |l MZK  |r Sklad / do 1 hodiny  |n 0  |p p.v.  |w 002003106  |u 000010  |a 1  |e BOA001  |j MZK50  |s P